000
00249nam a22001217a 4500
008
170313b xxu||||| |||| 00| 0 eng d
041
_a
eng
080
_2
14
_a
591
100
_a
7
101
_a
SHM
245
_a
ZOOLOGY
_c
HICKMAN.C.P
942
_2
udc
_c
BK
999
_c
7633
_d
7633